| 000 | 01218cam a22002054a 4500 | ||
|---|---|---|---|
| 005 | 20250605164216.0 | ||
| 008 | 250528s ||||||||||||||||||||||||d | ||
| 035 | _a20480 | ||
| 020 | _a710093101 | ||
| 040 |
_aGR-AtMCL _bgre _dGR-AtMCL _eAACR2 |
||
| 245 | 1 | _aThe Entropy Exhibition / Michael Moorcock and the British ''New Wave'' in Science Fiction | |
| 260 |
_bRoutledge & Kegan Paul, _c1983 |
||
| 300 | _a246 | ||
| 505 | 0 | _aPreface, Acknowledgements, The Cybernetic Cuckoos, The ''Field'' and the ''Wave'', Love Among the Mannequins, Pulling Out the Space Race, Footholds in the Head, The Work of Brian W. Aldiss, The Works of J. G. Ballard, The Works of Michael Moorcock, Angst and Angstroms, A Higher Albedo, No more with Feeling, Notes, Bibliography, Index. | |
| 520 | _aPreface, Acknowledgements, The Cybernetic Cuckoos, The ''Field'' and the ''Wave'', Love Among the Mannequins, Pulling Out the Space Race, Footholds in the Head, The Work of Brian W. Aldiss, The Works of J. G. Ballard, The Works of Michael Moorcock, Angst and Angstroms, A Higher Albedo, No more with Feeling, Notes, Bibliography, Index. | ||
| 700 | 1 |
_aGreenland Colin _96462 |
|
| 942 | _cBK | ||
| 999 |
_c5584 _d5584 |
||